[Event "CZE-chT2C 1819"]
[Site "Czech Republic"]
[Date "2018.11.18"]
[Round "3.5"]
[White "Petr, Jan"]
[Black "Krnavek, Lubomir"]
[Result "1/2-1/2"]
[WhiteElo "2099"]
[BlackElo "2192"]
[PlyCount "119"]
[EventDate "2018.10.14"]
[EventType "team-tourn"]
[EventRounds "11"]
[EventCountry "CZE"]
[SourceTitle "EXT 2022"]
[Source "ChessBase"]
[SourceDate "2021.10.06"]
[SourceVersion "1"]
[SourceVersionDate "2021.10.06"]
[SourceQuality "1"]
[WhiteTeam "Pankrac II"]
[BlackTeam "Praha Mahrla"]
[WhiteTeamCountry "CZE"]
[BlackTeamCountry "CZE"]

1. e4 c5 2. Nf3 e6 3. d4 cxd4 4. Nxd4 Nc6 5. g3 a6 6. Bg2 d6 7. 0-0 Bd7 8. c4 Nf6 9. Nc3 Be7 10. Re1 0-0 11. b3 Rc8 12. Nxc6 Bxc6 13. Bf4 b5 14. cxb5 axb5 15. Qd3 Qd7 16. a4 b4 17. Nb5 Rfd8 18. Be3 Rb8 19. Nd4 Ba8 20. f3 g6 21. Rac1 e5 22. Nb5 d5 23. f4 dxe4 24. Qxd7 Nxd7 25. fxe5 Nxe5 26. Bf4 Nd3 27. Bxb8 Rxb8 28. Bxe4 Bxe4 29. Rxe4 Nxc1 30. Rxe7 Nxb3 31. Re4 Nc5 32. Rxb4 Nxa4 33. Rxa4 Rxb5 34. Ra2 g5 35. Kg2 Rb4 36. Rc2 Kg7 37. Ra2 Kg6 38. Rc2 h5 39. Ra2 h4 40. Rc2 f6 41. Ra2 Kh5 42. Rf2 Kg6 43. Ra2 Rb3 44. gxh4 g4 45. Ra8 Rh3 46. Rg8+ Kf5 47. Rh8 Kf4 48. h5 Rb3 49. Rf8 Rb2+ 50. Kg1 f5 51. h6 Rb7 52. h3 gxh3 53. Kh2 Rh7 54. Kxh3 Rxh6+ 55. Kg2 Rb6 56. Kf2 Rb2+ 57. Kf1 Kg4 58. Ra8 f4 59. Ra3 f3 60. Ra8 1/2-1/2

[Event "CZE-chT1W 1011"]
[Site "Czech Republic"]
[Date "2010.10.31"]
[Round "2.5"]
[White "Krnavek, Lubomir"]
[Black "Adamek, Zdenek"]
[Result "0-1"]
[WhiteElo "2254"]
[BlackElo "2252"]
[PlyCount "86"]
[EventDate "2010.10.10"]
[EventType "team-tourn"]
[EventRounds "11"]
[EventCountry "CZE"]
[SourceTitle "EXT 2012"]
[Source "ChessBase"]
[SourceDate "2011.11.24"]
[SourceVersion "1"]
[SourceVersionDate "2011.11.24"]
[SourceQuality "1"]
[WhiteTeam "Praha Vrsovice"]
[BlackTeam "Praha Holdia II"]
[WhiteTeamCountry "CZE"]
[BlackTeamCountry "CZE"]

1. Nf3 Nf6 2. c4 g6 3. Nc3 Bg7 4. e4 d6 5. d4 0-0 6. Be2 e5 7. 0-0 Nc6 8. d5 Ne7 9. Ne1 Nd7 10. Nd3 f5 11. exf5 gxf5 12. f4 Ng6 13. Be3 Nf6 14. Bh5 Bd7 15. Bxg6 hxg6 16. h3 Nh5 17. Qd2 a6 18. Rae1 e4 19. Nc1 b5 20. cxb5 axb5 21. a3 Bf6 22. N1e2 Qe7 23. Rc1 b4 24. axb4 Rfb8 25. Nd1 Bb5 26. Re1 Bh4 27. Nf2 Bxe2 28. Rxe2 Rb5 29. Nd1 Rab8 30. Rc4 Nf6 31. Nc3 Rxb4 32. Rxb4 Rxb4 33. Kh2 Nh5 34. g4 fxg4 35. hxg4 Ng7 36. Rg2 Bf6 37. Nd1 Rb3 38. Qc2 Rd3 39. Rd2 Bd4 40. Bf2 Bxf2 41. Nxf2 Qh4+ 42. Kg2 Qg3+ 43. Kf1 Rxd2 0-1

[Event "CZE-chT1W 0910"]
[Site "Czech Republic"]
[Date "2010.02.07"]
[Round "8.5"]
[White "Krnavek, Lubomir"]
[Black "Lamser, Jan"]
[Result "1/2-1/2"]
[WhiteElo "2289"]
[BlackElo "2153"]
[PlyCount "81"]
[EventDate "2009.10.11"]
[EventType "team-tourn"]
[EventRounds "11"]
[EventCountry "CZE"]
[SourceTitle "EXT 2011"]
[Source "ChessBase"]
[SourceDate "2010.11.26"]
[SourceVersion "1"]
[SourceVersionDate "2010.11.26"]
[SourceQuality "1"]
[WhiteTeam "Vrsovice"]
[BlackTeam "Postovni sporitelna II"]
[WhiteTeamCountry "CZE"]
[BlackTeamCountry "CZE"]

1. c4 e6 2. Nf3 d5 3. g3 Nf6 4. Bg2 Be7 5. 0-0 0-0 6. d4 c5 7. dxc5 Bxc5 8. Qc2 d4 9. Ne5 Qc7 10. Nd3 e5 11. Nxc5 Qxc5 12. Bg5 Nbd7 13. Nd2 h6 14. Nb3 Qc7 15. Bd2 Rb8 16. e3 dxe3 17. Bxe3 b6 18. Rfd1 Bb7 19. f3 Bc6 20. Rac1 Qb7 21. Qe2 Rfd8 22. Rd6 Nf8 23. Rcd1 Ne6 24. Rxd8+ Rxd8 25. Rxd8+ Nxd8 26. Bd2 Ne6 27. Bc3 Nd7 28. Nd2 Qc7 29. b4 Qd6 30. Ne4 Qe7 31. Qd3 Ng5 32. Nd2 Ne6 33. Nf1 Ng5 34. h4 Ne6 35. Ne3 Nef8 36. Nd5 Qd6 37. Kf2 b5 38. Nf4 Qb8 39. Nd5 Qd6 40. Nf4 Qb8 41. Nd5 1/2-1/2

[Event "CZE-chT1W 0910"]
[Site "Czech Republic"]
[Date "2009.11.29"]
[Round "4.5"]
[White "Krnavek, Lubomir"]
[Black "Oresky, Jan"]
[Result "1/2-1/2"]
[WhiteElo "2289"]
[BlackElo "2133"]
[PlyCount "108"]
[EventDate "2009.10.11"]
[EventType "team-tourn"]
[EventRounds "11"]
[EventCountry "CZE"]
[SourceTitle "EXT 2011"]
[Source "ChessBase"]
[SourceDate "2010.11.26"]
[SourceVersion "1"]
[SourceVersionDate "2010.11.26"]
[SourceQuality "1"]
[WhiteTeam "Vrsovice"]
[BlackTeam "Novoborsky II"]
[WhiteTeamCountry "CZE"]
[BlackTeamCountry "CZE"]

1. Nf3 d5 2. d4 Nf6 3. c4 g6 4. cxd5 Nxd5 5. e4 Nb6 6. h3 Bg7 7. Nc3 0-0 8. Be2 Nc6 9. Be3 Na5 10. b3 c5 11. Rc1 cxd4 12. Nxd4 Bd7 13. 0-0 Nc6 14. f4 Rc8 15. Nf3 e5 16. Nb5 exf4 17. Bxf4 Be6 18. Nd6 Rc7 19. Nxb7 Rxb7 20. Rxc6 Rd7 21. Qc1 Qa8 22. Ng5 Rd4 23. Be3 Bd7 24. Rc7 Rd6 25. Bc5 Bd4+ 26. Bxd4 Rxd4 27. Qc5 Rd2 28. Bc4 Nxc4 29. Qxc4 Qe8 30. e5 Bf5 31. Qh4 h5 32. Rxf5 Qd8 33. Rc4 gxf5 34. Qxh5 Qb6+ 35. Kh2 Qg6 36. Qh4 Rfd8 37. Rc3 R2d4 38. Qe1 f4 39. Nf3 Re4 40. Qh4 Re8 41. Qf2 Rd8 42. Rc7 a6 43. Rb7 Rd3 44. Rb6 Qg3+ 45. Qxg3+ fxg3+ 46. Kxg3 Rxe5 47. Rxa6 Re2 48. Ra5 Rc3 49. a4 Rxb3 50. Rg5+ Kf8 51. a5 Ra2 52. h4 Rba3 53. Kh3 Rxa5 54. Rg4 Re2 1/2-1/2

[Event "CZE-chT1W 0910"]
[Site "Czech Republic"]
[Date "2009.11.15"]
[Round "3.5"]
[White "Richtrova, Eliska"]
[Black "Krnavek, Lubomir"]
[Result "1/2-1/2"]
[WhiteElo "2233"]
[BlackElo "2289"]
[PlyCount "72"]
[EventDate "2009.10.11"]
[EventType "team-tourn"]
[EventRounds "11"]
[EventCountry "CZE"]
[SourceTitle "EXT 2011"]
[Source "ChessBase"]
[SourceDate "2010.11.26"]
[SourceVersion "1"]
[SourceVersionDate "2010.11.26"]
[SourceQuality "1"]
[WhiteTeam "Ceske Budejovice"]
[BlackTeam "Vrsovice"]
[WhiteTeamCountry "CZE"]
[BlackTeamCountry "CZE"]

1. c4 c5 2. Nc3 Nf6 3. g3 d5 4. cxd5 Nxd5 5. Bg2 Nc7 6. d3 e5 7. Be3 Be7 8. Rc1 Ne6 9. Nf3 Nc6 10. 0-0 Bd7 11. Nd5 Rc8 12. Nd2 0-0 13. f4 exf4 14. gxf4 f5 15. Nf3 Kh8 16. Bd2 Bd6 17. e3 Ne7 18. Nxe7 Qxe7 19. Bc3 Bc6 20. Rc2 Nc7 21. Ng5 Ne6 22. Bxc6 Rxc6 23. Rg2 Nxg5 24. Rxg5 Rf7 25. Rf3 Qe6 26. Rfg3 Bf8 27. b3 Kg8 28. Be5 g6 29. e4 Bh6 30. exf5 Rxf5 31. Rxf5 Qxf5 32. Qf3 Bg7 33. Qd5+ Qf7 34. Qd8+ Qf8 35. Qd5+ Qf7 36. Qd8+ Qf8 1/2-1/2

[Event "CZE-chT1W 0809"]
[Site "Czech Republic"]
[Date "2008.12.14"]
[Round "5.7"]
[White "Blecha, Milan"]
[Black "Krnavek, Lubomir"]
[Result "0-1"]
[WhiteElo "2164"]
[BlackElo "2266"]
[PlyCount "96"]
[EventDate "2008.10.19"]
[EventType "tourn"]
[EventRounds "11"]
[EventCountry "CZE"]
[SourceTitle "EXT 2010"]
[Source "ChessBase"]
[SourceDate "2010.11.25"]
[SourceVersion "1"]
[SourceVersionDate "2010.11.25"]
[SourceQuality "1"]
[WhiteTeam "Plzen Letna"]
[BlackTeam "Vrsovice"]
[WhiteTeamCountry "CZE"]
[BlackTeamCountry "CZE"]

1. e4 c5 2. Nf3 Nc6 3. d4 cxd4 4. Nxd4 e6 5. Nc3 a6 6. Be2 Qc7 7. 0-0 Nf6 8. Be3 Be7 9. f4 d6 10. Kh1 0-0 11. Qe1 Nxd4 12. Bxd4 b5 13. e5 dxe5 14. Bxe5 Qb6 15. Qh4 Bb7 16. Bd3 h6 17. Qg3 Nh5 18. Qh3 Nf6 19. Rae1 Nd7 20. Bxg7 Kxg7 21. Re3 f5 22. Rfe1 Nc5 23. Rg3+ Kh7 24. Qh5 Rf6 25. Bxf5+ exf5 26. Rxe7+ Kh8 27. Rgg7 Ne6 28. Rh7+ Kg8 29. Rxb7 Qf2 30. Qe2 Qxf4 31. Rhe7 Qc1+ 32. Nd1 Rd8 33. Rbd7 Rxd7 34. Rxd7 Nf8 35. Rd8 Kg7 36. Qe7+ Rf7 37. Qe5+ Kh7 38. Qd5 Kg7 39. Qd4+ Kh7 40. Qd3 Kg7 41. h3 f4 42. Kh2 f3 43. Qd4+ Kh7 44. Qe4+ Ng6 45. gxf3 Re7 46. Qf5 Kg7 47. Rd6 Re2+ 48. Kg3 Rg2+ 0-1

[Event "CZE-chT1W 0809"]
[Site "Czech Republic"]
[Date "2008.11.30"]
[Round "4.6"]
[White "Cerny, Martin"]
[Black "Krnavek, Lubomir"]
[Result "1/2-1/2"]
[WhiteElo "2197"]
[BlackElo "2266"]
[PlyCount "137"]
[EventDate "2008.10.19"]
[EventType "tourn"]
[EventRounds "11"]
[EventCountry "CZE"]
[SourceTitle "EXT 2010"]
[Source "ChessBase"]
[SourceDate "2010.11.25"]
[SourceVersion "1"]
[SourceVersionDate "2010.11.25"]
[SourceQuality "1"]
[WhiteTeam "Novoborsky II"]
[BlackTeam "Vrsovice"]
[WhiteTeamCountry "CZE"]
[BlackTeamCountry "CZE"]

1. d4 Nf6 2. c4 e6 3. Nf3 c5 4. e3 d5 5. Nc3 Nc6 6. a3 a6 7. Be2 cxd4 8. exd4 Be7 9. 0-0 0-0 10. c5 Ne4 11. Na4 e5 12. Nxe5 Nxe5 13. dxe5 Nxc5 14. Nxc5 Bxc5 15. Bf3 Be6 16. Qd3 Qb6 17. h4 Rad8 18. h5 Rd7 19. h6 g6 20. Qd2 Rc8 21. b4 Bf8 22. Bb2 d4 23. Rac1 Rcd8 24. Rcd1 Bc4 25. Rfe1 Bb3 26. Bg4 Be6 27. Qf4 Bxg4 28. Qxg4 Qe6 29. Qxe6 fxe6 30. Bc1 d3 31. Bd2 Rc8 32. Rc1 Rc2 33. Red1 a5 34. bxa5 Bxa3 35. Ra1 Bb2 36. Ra4 Bxe5 37. a6 bxa6 38. Rxa6 Kf7 39. Ra3 Bd6 40. Rb3 Bc5 41. Be3 Bxe3 42. fxe3 d2 43. Kf2 Rc1 44. Ke2 Rxd1 45. Kxd1 Kf6 46. Rb6 Kf5 47. Ra6 g5 48. Rb6 e5 49. Rb4 g4 50. g3 Rd6 51. e4+ Kf6 52. Rb7 Kg6 53. Rg7+ Kxh6 54. Rxg4 Rd4 55. Rh4+ Kg6 56. Rg4+ Kf6 57. Rh4 Kg5 58. Rxh7 Kg4 59. Re7 Rxe4 60. Kxd2 Kxg3 61. Rf7 Rf4 62. Re7 Re4 63. Rf7 Kg4 64. Rf8 Rf4 65. Re8 Kf5 66. Ke3 Ra4 67. Rf8+ Ke6 68. Re8+ Kf6 69. Rf8+ 1/2-1/2

[Event "CZE-chT1W 0809"]
[Site "Czech Republic"]
[Date "2008.10.19"]
[Round "1.7"]
[White "Hlavacek, Robert"]
[Black "Krnavek, Lubomir"]
[Result "1/2-1/2"]
[WhiteElo "2201"]
[BlackElo "2266"]
[PlyCount "62"]
[EventDate "2008.10.19"]
[EventType "tourn"]
[EventRounds "11"]
[EventCountry "CZE"]
[SourceTitle "EXT 2010"]
[Source "ChessBase"]
[SourceDate "2010.11.25"]
[SourceVersion "1"]
[SourceVersionDate "2010.11.25"]
[SourceQuality "1"]
[WhiteTeam "Chrudim"]
[BlackTeam "Vrsovice"]
[WhiteTeamCountry "CZE"]
[BlackTeamCountry "CZE"]

1. d4 Nf6 2. c4 g6 3. Nc3 Bg7 4. e4 d6 5. f3 0-0 6. Bg5 c5 7. d5 e6 8. Qd2 a6 9. a4 Qa5 10. Ra3 exd5 11. cxd5 Nbd7 12. Nh3 Qb4 13. Nf2 c4 14. Be2 Rb8 15. Be3 b5 16. axb5 axb5 17. 0-0 Nc5 18. Qc2 Nfd7 19. Nfd1 Na4 20. Nxa4 bxa4 21. Rxa4 Qb3 22. Rxc4 Bxb2 23. Qxb3 Rxb3 24. Rc2 Bg7 25. Bf2 Ne5 26. f4 Nd3 27. Bxd3 Rxd3 28. Nb2 Bxb2 29. Rxb2 f5 30. e5 dxe5 31. fxe5 Rxd5 1/2-1/2

[Event "CZE-chT1W 0708"]
[Site "Czech Republic"]
[Date "2008.02.24"]
[Round "8.5"]
[White "Ptacek, Lubos"]
[Black "Krnavek, Lubomir"]
[Result "0-1"]
[WhiteElo "2066"]
[BlackElo "2291"]
[PlyCount "126"]
[EventDate "2007.10.28"]
[EventType "team-tourn"]
[EventRounds "11"]
[EventCountry "CZE"]
[SourceTitle "EXT 2009"]
[Source "ChessBase"]
[SourceDate "2008.11.26"]
[SourceVersion "1"]
[SourceVersionDate "2008.11.26"]
[SourceQuality "1"]
[WhiteTeam "Zajecice"]
[BlackTeam "Vrsovice"]
[WhiteTeamCountry "CZE"]
[BlackTeamCountry "CZE"]

1. e4 c5 2. Nf3 e6 3. d4 cxd4 4. Nxd4 Nc6 5. Be3 Nf6 6. Nd2 d5 7. exd5 Nxd5 8. Nxc6 bxc6 9. Qf3 Nxe3 10. Qxe3 Qd5 11. Be2 Bc5 12. Qf3 0-0 13. Ne4 Be7 14. 0-0 Rb8 15. b3 f5 16. Ng3 Qxf3 17. Bxf3 Rb6 18. Rad1 Rd8 19. Rxd8+ Bxd8 20. Rd1 Bc7 21. Be2 Kf7 22. Bc4 Ke7 23. Ne2 c5 24. Nc3 Be5 25. Na4 Rc6 26. g3 g5 27. Re1 Bf6 28. f3 h5 29. h3 Rd6 30. c3 Rd2 31. Re2 Rxe2 32. Bxe2 Kd6 33. Bb5 h4 34. g4 fxg4 35. fxg4 Bb7 36. Kf2 Be4 37. Bc4 Bb1 38. a3 Bc2 39. Ke3 Be5 40. Kd2 Be4 41. Bf1 Bf4+ 42. Kd1 Be3 43. Nb2 Ke5 44. b4 cxb4 45. axb4 Kf4 46. Ke2 Bg1 47. c4 Bd4 48. Nd3+ Kg3 49. c5 e5 50. Ne1 Bb7 51. Kd2 e4 52. Nc2 Be5 53. b5 Kf2 54. Be2 e3+ 55. Kd1 Bf3 56. Bxf3 Kxf3 57. c6 Kf2 58. Nd4 Bxd4 59. c7 e2+ 60. Kc2 e1Q 61. c8Q Qc3+ 62. Qxc3 Bxc3 63. Kxc3 Kg2 0-1

[Event "CZE-chT1W 0708"]
[Site "Czech Republic"]
[Date "2007.10.28"]
[Round "1.6"]
[White "Krnavek, Lubomir"]
[Black "Vokoun, Jan"]
[Result "1/2-1/2"]
[WhiteElo "2291"]
[BlackElo "2217"]
[PlyCount "89"]
[EventDate "2007.10.28"]
[EventType "team-tourn"]
[EventRounds "11"]
[EventCountry "CZE"]
[SourceTitle "EXT 2009"]
[Source "ChessBase"]
[SourceDate "2008.11.26"]
[SourceVersion "1"]
[SourceVersionDate "2008.11.26"]
[SourceQuality "1"]
[WhiteTeam "Vrsovice"]
[BlackTeam "Praha Pankrac"]
[WhiteTeamCountry "CZE"]
[BlackTeamCountry "CZE"]

1. d4 Nf6 2. Nf3 e6 3. c4 b6 4. a3 Bb7 5. Nc3 d5 6. cxd5 Nxd5 7. Qc2 c5 8. e4 Nxc3 9. bxc3 Nc6 10. Bb2 Be7 11. Bd3 Rc8 12. Qe2 0-0 13. 0-0 Re8 14. Rad1 g6 15. Bb5 cxd4 16. cxd4 Bf6 17. Rfe1 Bg7 18. Rd2 Re7 19. Red1 Na5 20. Rc2 Rxc2 21. Qxc2 Rc7 22. Qe2 Qc8 23. Bd3 Nc4 24. Rc1 Nxb2 25. Rxc7 Qxc7 26. Qxb2 Qd6 27. e5 Qc6 28. h3 Bh6 29. Kf1 Qc1+ 30. Qxc1 Bxc1 31. a4 Bb2 32. Ke2 h6 33. Bb5 Kf8 34. Kd3 Ke7 35. Ne1 a6 36. Bc4 Kd7 37. g3 Kc6 38. h4 b5 39. axb5+ axb5 40. Bb3 Ba3 41. Nc2 Bf8 42. Ne3 Kd7 43. Kc3 g5 44. hxg5 hxg5 45. Kd3 1/2-1/2

[Event "CZE-chT1W 0607"]
[Site "Czech Republic"]
[Date "2007.04.01"]
[Round "11.6"]
[White "Krnavek, Lubomir"]
[Black "Hosek, Milan"]
[Result "1/2-1/2"]
[WhiteElo "2303"]
[BlackElo "2248"]
[PlyCount "34"]
[EventDate "2006.10.29"]
[EventType "team-tourn"]
[EventRounds "11"]
[EventCountry "CZE"]
[SourceTitle "EXT 2009"]
[Source "ChessBase"]
[SourceDate "2008.11.26"]
[SourceVersion "1"]
[SourceVersionDate "2008.11.26"]
[SourceQuality "1"]
[WhiteTeam "Vrsovice"]
[BlackTeam "Polabiny"]
[WhiteTeamCountry "CZE"]
[BlackTeamCountry "CZE"]

1. Nf3 Nf6 2. c4 e6 3. Nc3 d5 4. d4 Bb4 5. e3 c6 6. Qc2 0-0 7. Bd3 Nbd7 8. 0-0 Bd6 9. e4 dxc4 10. Bxc4 e5 11. h3 Qc7 12. Be3 exd4 13. Nxd4 Ne5 14. Be2 Ng6 15. Rad1 Bf4 16. Bxf4 Nxf4 17. Rfe1 Qe5 1/2-1/2

[Event "CZE-chT1W 0607"]
[Site "Czech Republic"]
[Date "2007.02.18"]
[Round "8.6"]
[White "Taborsky, Rostislav"]
[Black "Krnavek, Lubomir"]
[Result "1-0"]
[WhiteElo "2259"]
[BlackElo "2303"]
[PlyCount "77"]
[EventDate "2006.10.29"]
[EventType "team-tourn"]
[EventRounds "11"]
[EventCountry "CZE"]
[SourceTitle "EXT 2009"]
[Source "ChessBase"]
[SourceDate "2008.11.26"]
[SourceVersion "1"]
[SourceVersionDate "2008.11.26"]
[SourceQuality "1"]
[WhiteTeam "Bohemians"]
[BlackTeam "Vrsovice"]
[WhiteTeamCountry "CZE"]
[BlackTeamCountry "CZE"]

1. c4 Nf6 2. Nc3 c5 3. Nf3 d5 4. cxd5 Nxd5 5. d4 Nxc3 6. bxc3 g6 7. e4 Bg7 8. Be2 cxd4 9. cxd4 Nc6 10. Be3 Bg4 11. d5 Bxf3 12. gxf3 Ne5 13. Rb1 Qa5+ 14. Kf1 0-0 15. Rxb7 Qxa2 16. Kg2 a5 17. Bd4 Rfc8 18. Rxe7 Rc2 19. Re1 Rd2 20. Qa1 Nd3 21. Bxd3 Rxf2+ 22. Bxf2 Bxa1 23. d6 Bf6 24. Rc7 Qa3 25. Bc4 Qxd6 26. Rxf7 Kh8 27. Rb1 Rc8 28. Bd5 Rc2 29. Rbb7 Rxf2+ 30. Kxf2 Qxh2+ 31. Kf1 Qh1+ 32. Ke2 Qg2+ 33. Kd3 Qf1+ 34. Kc2 Qe2+ 35. Kb3 a4+ 36. Kb4 Qb2+ 37. Ka5 Qc3+ 38. Kb5 Qd3+ 39. Bc4 1-0

[Event "CZE-chT1W 0607"]
[Site "Czech Republic"]
[Date "2007.01.21"]
[Round "6.6"]
[White "Krnavek, Lubomir"]
[Black "Rosko, Lubos"]
[Result "1-0"]
[WhiteElo "2303"]
[BlackElo "2203"]
[PlyCount "135"]
[EventDate "2006.10.29"]
[EventType "team-tourn"]
[EventRounds "11"]
[EventCountry "CZE"]
[SourceTitle "EXT 2009"]
[Source "ChessBase"]
[SourceDate "2008.11.26"]
[SourceVersion "1"]
[SourceVersionDate "2008.11.26"]
[SourceQuality "1"]
[WhiteTeam "Vrsovice"]
[BlackTeam "Hradec Kralove"]
[WhiteTeamCountry "CZE"]
[BlackTeamCountry "CZE"]

1. Nf3 Nf6 2. c4 g6 3. Nc3 d5 4. cxd5 Nxd5 5. Qa4+ Nc6 6. Ne5 Nxc3 7. bxc3 Bd7 8. Nxd7 Qxd7 9. Rb1 Nd8 10. Qb3 Bg7 11. d4 0-0 12. Ba3 Re8 13. e4 Qg4 14. f3 Qg5 15. Bc1 Qa5 16. Qa3 Qh5 17. Be2 Qh4+ 18. g3 Qh3 19. Bf1 Qd7 20. Be3 c6 21. f4 Qe6 22. Bg2 Qc4 23. Kf2 Qd3 24. Rhd1 Qc4 25. e5 e6 26. Bf1 Qd5 27. c4 Qd7 28. Bg2 Bf8 29. Qa4 Qe7 30. Rb3 a6 31. Qa5 Rc8 32. Rd2 Qd7 33. Qa4 Qe7 34. Rdd3 Rc7 35. Bd2 b5 36. cxb5 axb5 37. Qb4 Qd7 38. Qc3 Ra7 39. a3 Rxa3 40. Rxa3 b4 41. Qb3 bxa3 42. Qa4 Nb7 43. Bxc6 Nc5 44. Bxd7 Nxa4 45. Rxa3 Rd8 46. Rxa4 Rxd7 47. Ke3 Rb7 48. Bc3 Rc7 49. Kd3 Rd7 50. g4 Kg7 51. Ra5 Kg8 52. f5 h5 53. h3 hxg4 54. hxg4 gxf5 55. gxf5 Rd8 56. Ke4 Rc8 57. Bd2 Rc2 58. Bf4 Re2+ 59. Kf3 Re1 60. Ra8 Rh1 61. f6 Rh8 62. Ke4 Kh7 63. d5 exd5+ 64. Kf5 Bb4 65. Ra7 Kg8 66. e6 fxe6+ 67. Kg6 Rh1 68. Ra8+ 1-0

[Event "CZE-chT2c 0506"]
[Site "Czech Republic"]
[Date "2006.03.12"]
[Round "9.1"]
[White "Krnavek, Lubomir"]
[Black "Kacirek, Petr"]
[Result "1/2-1/2"]
[WhiteElo "2322"]
[BlackElo "2312"]
[PlyCount "84"]
[EventDate "2005.10.16"]
[EventType "team-tourn"]
[EventRounds "11"]
[EventCountry "CZE"]
[SourceTitle "EXT 2009"]
[Source "ChessBase"]
[SourceDate "2008.11.26"]
[SourceVersion "1"]
[SourceVersionDate "2008.11.26"]
[SourceQuality "1"]
[WhiteTeam "Vrsovice"]
[BlackTeam "Rychnov nad Kneznou"]
[WhiteTeamCountry "CZE"]
[BlackTeamCountry "CZE"]

1. d4 e6 2. c4 Nf6 3. Nf3 b6 4. a3 Bb7 5. Nc3 Be7 6. d5 d6 7. e4 e5 8. Bd3 0-0 9. h3 Nbd7 10. Be3 c5 11. g4 Ne8 12. Ne2 a6 13. Qd2 Nc7 14. Ng3 Re8 15. g5 b5 16. b3 Bf8 17. h4 g6 18. Nh2 Bg7 19. Ng4 Nf8 20. h5 Bc8 21. Nh6+ Bxh6 22. gxh6 Bg4 23. Be2 Bxe2 24. Qxe2 Qd7 25. Qf3 Reb8 26. Nf1 a5 27. Bg5 Ne8 28. Nd2 a4 29. bxa4 Rxa4 30. cxb5 Rxb5 31. Rc1 f6 32. Bh4 f5 33. Nc4 fxe4 34. Qxe4 Qf7 35. Rg1 Ra6 36. Rg3 Nf6 37. Bxf6 Qxf6 38. hxg6 Nxg6 39. Qg4 Rb8 40. Rcc3 Ra7 41. Rcf3 Qe7 42. Qe4 Kh8 1/2-1/2

[Event "CZE-chT2a 0405"]
[Site "Czech Republic"]
[Date "2005.02.06"]
[Round "7.1"]
[White "Krnavek, Lubomir"]
[Black "Fiala, Robert"]
[Result "1-0"]
[WhiteElo "2330"]
[BlackElo "2331"]
[PlyCount "123"]
[EventDate "2004.10.17"]
[EventType "team-tourn"]
[EventRounds "11"]
[EventCountry "CZE"]
[SourceTitle "EXT 2007"]
[Source "ChessBase"]
[SourceDate "2006.11.23"]
[SourceVersion "1"]
[SourceVersionDate "2006.11.23"]
[SourceQuality "1"]
[WhiteTeam "Vrsovice"]
[BlackTeam "Plzen Letna"]
[WhiteTeamCountry "CZE"]
[BlackTeamCountry "CZE"]

1. e4 c5 2. Nf3 a6 3. c3 d5 4. exd5 Qxd5 5. d4 Nf6 6. Be2 cxd4 7. cxd4 e6 8. 0-0 Be7 9. Ne5 0-0 10. Bf3 Qd6 11. Na3 Nd5 12. Nac4 Qd8 13. Ne3 Nc6 14. Nxd5 exd5 15. Nxc6 bxc6 16. Re1 Bf6 17. Re2 Qb6 18. Be3 Bf5 19. Rc1 Rfe8 20. Rd2 Re6 21. Rc3 Rae8 22. h3 Bg5 23. Re2 Bxe3 24. Rcxe3 Rxe3 25. fxe3 Qa5 26. a3 Qb5 27. Qd2 Re6 28. Re1 Rg6 29. Kh1 Qb8 30. e4 Be6 31. e5 f6 32. Qc3 Qc8 33. Bd1 fxe5 34. Rxe5 Qf8 35. Bf3 Bd7 36. Qe3 Rf6 37. Kh2 Qb8 38. b4 Qc7 39. Kg1 a5 40. Qc3 axb4 41. Bxd5+ Kh8 42. axb4 Qd6 43. Bf3 Re6 44. Qc5 Qxc5 45. bxc5 Rxe5 46. dxe5 Kg8 47. Kf2 Kf7 48. Ke3 Ke7 49. h4 Kd8 50. Kf4 Ke7 51. Be4 h6 52. Bf5 Be8 53. g4 Bf7 54. g5 hxg5+ 55. Kxg5 Bd5 56. Kg6 Kf8 57. e6 Bf3 58. e7+ Kxe7 59. Kxg7 Bh5 60. Kh6 Bf3 61. Kg5 Kf7 62. Bg4 1-0

[Event "CZE-chTJ 0001"]
[Site "Czech Republic"]
[Date "2001.??.??"]
[Round "2"]
[White "Krnavek, Lubomir"]
[Black "Simek, Petr"]
[Result "1-0"]
[WhiteElo "2305"]
[BlackElo "2245"]
[PlyCount "43"]
[EventDate "2000.??.??"]
[EventType "team-tourn"]
[EventRounds "11"]
[EventCountry "CZE"]
[SourceTitle "EXT 2003"]
[Source "ChessBase"]
[SourceDate "2002.11.25"]
[SourceVersion "1"]
[SourceVersionDate "2002.11.25"]
[SourceQuality "1"]

1. d4 Nf6 2. c4 c6 3. Nc3 d5 4. Nf3 dxc4 5. a4 Bg4 6. Ne5 Bh5 7. f3 e6 8. e4 Bb4 9. g4 Bg6 10. Bxc4 Nbd7 11. Nxg6 hxg6 12. 0-0 a5 13. Be3 Nb6 14. Bb3 Nfd7 15. Qe2 Bd6 16. Rf2 Qe7 17. Qd2 e5 18. Rc1 exd4 19. Bxd4 Nc5 20. Ba2 Rd8 21. Qe3 Nbd7 22. f4 1-0

[Event "CZE-chTJ 0001"]
[Site "Czech Republic"]
[Date "2001.??.??"]
[Round "2"]
[White "Krnavek, Lubomir"]
[Black "Turner, Jan"]
[Result "1/2-1/2"]
[WhiteElo "2305"]
[BlackElo "2290"]
[PlyCount "144"]
[EventDate "2000.??.??"]
[EventType "team-tourn"]
[EventRounds "11"]
[EventCountry "CZE"]
[SourceTitle "EXT 2003"]
[Source "ChessBase"]
[SourceDate "2002.11.25"]
[SourceVersion "1"]
[SourceVersionDate "2002.11.25"]
[SourceQuality "1"]

1. d4 d6 2. e4 Nf6 3. Nc3 e5 4. Nf3 Nbd7 5. Bc4 Be7 6. 0-0 0-0 7. Qe2 c6 8. a4 exd4 9. Nxd4 Re8 10. Bf4 Bf8 11. Qf3 Ne5 12. Bxe5 dxe5 13. Nf5 Bxf5 14. Qxf5 Qd7 15. Qxd7 Nxd7 16. Rfd1 Nf6 17. Rd3 Rad8 18. Rad1 Rxd3 19. Rxd3 Bb4 20. f3 Bxc3 21. Rxc3 Rd8 22. a5 Kf8 23. Bd3 a6 24. Rb3 Rd7 25. Kf2 Ke7 26. Ke3 Rc7 27. c3 Nd7 28. Ra3 Nc5 29. Be2 Rd7 30. g3 f6 31. h4 g6 32. Ra1 Nb3 33. Ra4 Nc5 34. Ra3 Rd8 35. f4 Ne6 36. Ra1 exf4+ 37. gxf4 h6 38. f5 gxf5 39. exf5 Nc7 40. c4 Rg8 41. Bf3 Ne8 42. Kf4 Nd6 43. Re1+ Kd7 44. b3 Re8 45. Rd1 Re5 46. b4 Rxf5+ 47. Kg3 Ke7 48. c5 Nf7 49. Bg4 Rd5 50. Rxd5 cxd5 51. Bc8 Nd8 52. b5 axb5 53. Bxb7 Ne6 54. a6 Nc7 55. a7 Ke6 56. Kf4 b4 57. Bc8+ Ke7 58. Bf5 b3 59. Ke3 b2 60. Kd2 b1Q 61. Bxb1 Kd7 62. Ke3 Kc6 63. Kf4 Kxc5 64. Kf5 Kb6 65. Kg6 Kxa7 66. Kxh6 Ne6 67. Kg6 Kb7 68. Kxf6 Nf4 69. Ke5 Nh5 70. Bg6 Ng3 71. Kf4 Kc7 72. Kxg3 Kd7 1/2-1/2

[Event "CZE-chTJ 0001"]
[Site "Czech Republic"]
[Date "2001.??.??"]
[Round "2"]
[White "Paulovic, Martin"]
[Black "Krnavek, Lubomir"]
[Result "0-1"]
[WhiteElo "2205"]
[BlackElo "2305"]
[PlyCount "84"]
[EventDate "2000.??.??"]
[EventType "team-tourn"]
[EventRounds "11"]
[EventCountry "CZE"]
[SourceTitle "EXT 2003"]
[Source "ChessBase"]
[SourceDate "2002.11.25"]
[SourceVersion "1"]
[SourceVersionDate "2002.11.25"]
[SourceQuality "1"]

1. e4 Nf6 2. Nc3 d5 3. exd5 Nxd5 4. Bc4 e6 5. d4 Be7 6. Nge2 0-0 7. 0-0 b6 8. Nf4 Nxc3 9. bxc3 Ba6 10. Bxa6 Nxa6 11. Qe2 Nb8 12. Be3 Nd7 13. Rad1 Qc8 14. c4 Re8 15. c3 Bd6 16. Nh5 Kh8 17. f4 g6 18. Ng3 f5 19. Qd3 Kg8 20. Rfe1 Qa6 21. Re2 Rad8 22. Rde1 Nf6 23. Bc1 Kf7 24. Kh1 c5 25. Rd1 Rd7 26. h3 Qc8 27. Rde1 Qc7 28. d5 e5 29. fxe5 Bxe5 30. Nxf5 gxf5 31. Qxf5 Rde7 32. Bg5 Qd6 33. Rf1 Kg7 34. Ref2 Rf8 35. g4 Ref7 36. Bd2 Ne4 37. Qxf7+ Rxf7 38. Rxf7+ Kg8 39. Be1 b5 40. Rxa7 bxc4 41. Rff7 Qxd5 42. Rfd7 Ng3+ 0-1